| 000 | 004390000a22001810004500 | ||
|---|---|---|---|
| 020 | _a0444805079 | ||
| 060 | _a100 | ||
| 082 | _a574.192 NEU | ||
| 100 | _aNeuberger, Albert | ||
| 100 | _aSemenza, Giorgio | ||
| 100 | _aVan Deenen, Laurens L.M. | ||
| 245 | _aHistory of biochemistry | ||
| 260 | _c1983 | ||
| 300 | _a404 | ||
| 490 | _aComprehensive biochemistry V.35 | ||
| 650 | _aBiochemistry/ isolation/ membrance | ||
| 942 | _cBK | ||
| 999 |
_c361069 _d361069 |
||